Sports Quiz

Random Sports Quiz

06-07 Ohio State Buckeyes Quiz Stats

 Plays Quiz not verified by Sporcle

Support Sporcle.
Go Orange.
Score 0/11 Timer 10:00
0 Plays Today
% Correct
Greg Oden
97.4%
Mike Conley
93.4%
Daequan Cook
82.9%
David Lighty
69.7%
Ron Lewis
67.1%
Jamar Butler
65.8%
Othello Hunter
57.9%
Ivan Harris
52.6%
Matt Terwilliger
36.8%
Kyle Madsen
14.5%
Samuel Payne
1.3%

You're not logged in!

Compare scores with friends on all Sporcle quizzes.
OR
Log In

From the Vault

Missing Alphabet: Video Games

by LTH

Some of these new games sound pretty fun.
Remove Ads.
Support Sporcle.
Get the best of Sporcle when you Go Orange. This ad-free experience offers more features, more stats, and more fun while also helping to support Sporcle. Thank you for becoming a member.

Show Comments

Extras

Created Mar 10, 2011ReportNominate
Tags:Ohio State

Top Quizzes Today


Score Distribution

Your Account Isn't Verified!

In order to create a playlist on Sporcle, you need to verify the email address you used during registration. Go to your Sporcle Settings to finish the process.

Report this User

Report this user for behavior that violates our Community Guidelines.

Details: